000
00312nam a22001217a 4500
040
_c
HS
082
_a
510
100
_a
អ៊ុន ប៊ុនលាង
245
_a
ម៉ាទ្រីស
260
_a
Royal university agriculture
_b
អ៊ុន ប៊ុនលាង
_c
2001
300
_a
114p;
942
_c
KB
999
_c
8593
_d
8593